A textbook of machine design / (Record no. 384)
[ view plain ]
| 000 -LEADER | |
|---|---|
| fixed length control field | 00462 a2200169 4500 |
| 008 - FIXED-LENGTH DATA ELEMENTS--GENERAL INFORMATION | |
| fixed length control field | 221215b ||||| |||| 00| 0 eng d |
| 020 ## - INTERNATIONAL STANDARD BOOK NUMBER | |
| International Standard Book Number | 9788121925372 |
| 082 00 - DEWEY DECIMAL CLASSIFICATION NUMBER | |
| Classification number | 621.815 |
| Item number | K459 |
| 100 ## - MAIN ENTRY--PERSONAL NAME | |
| Personal name | Khurmi, R. S. |
| 9 (RLIN) | 15 |
| 245 ## - TITLE STATEMENT | |
| Title | A textbook of machine design / |
| 250 ## - EDITION STATEMENT | |
| Edition statement | 14th ed. |
| 260 ## - PUBLICATION, DISTRIBUTION, ETC. (IMPRINT) | |
| Place of publication, distribution, etc | New Delhi: |
| Name of publisher, distributor, etc | S.Chand, |
| Date of publication, distribution, etc | 2015. |
| 300 ## - PHYSICAL DESCRIPTION | |
| Extent | xvi, 1230 p. |
| 650 #0 - SUBJECT ADDED ENTRY--TOPICAL TERM | |
| Topical term or geographic name as entry element | Machine Design |
| 700 ## - ADDED ENTRY--PERSONAL NAME | |
| 9 (RLIN) | 17 |
| Personal name | Gupta, J. K. |
| 942 ## - ADDED ENTRY ELEMENTS (KOHA) | |
| Source of classification or shelving scheme | |
| Item type | Books |
| Withdrawn status | Lost status | Source of classification or shelving scheme | Damaged status | Not for loan | Permanent location | Current location | Date acquired | Source of acquisition | Cost, normal purchase price | Total Checkouts | Full call number | Barcode | Checked out | Date last seen | Date last borrowed | Cost, replacement price | Koha item type | Total Renewals |
|---|---|---|---|---|---|---|---|---|---|---|---|---|---|---|---|---|---|---|
| IMU Kolkata | IMU Kolkata | 2017-03-15 | B. Bross & Co. | 646.00 | 2 | 621.815 K459 | 12089 | 2025-02-02 | 2024-08-06 | 2024-08-06 | 950.00 | Books | ||||||
| IMU Kolkata | IMU Kolkata | 2017-03-15 | B. Bross & Co. | 646.00 | 7 | 621.815 K459 | 12090 | 2025-06-09 | 2025-05-09 | 950.00 | Books | 2 | ||||||
| IMU Kolkata | IMU Kolkata | 2017-03-15 | B. Bross & Co. | 646.00 | 13 | 621.815 K459 | 12091 | 2026-06-04 | 2026-04-20 | 2026-04-20 | 950.00 | Books | 15 | |||||
| IMU Kolkata | IMU Kolkata | 2017-03-15 | B. Bross & Co. | 646.00 | 14 | 621.815 K459 | 12092 | 2026-05-30 | 2026-04-15 | 2026-04-15 | 950.00 | Books | 12 | |||||
| IMU Kolkata | IMU Kolkata | 2017-03-15 | B. Bross & Co. | 646.00 | 13 | 621.815 K459 | 12093 | 2026-06-04 | 2026-04-20 | 2026-04-20 | 950.00 | Books | 7 |